<?xml version="1.0" encoding="UTF-8"?><?xml-stylesheet type="text/xsl" href="static/style.xsl"?><OAI-PMH xmlns="http://www.openarchives.org/OAI/2.0/" xmlns:xsi="http://www.w3.org/2001/XMLSchema-instance" xsi:schemaLocation="http://www.openarchives.org/OAI/2.0/ http://www.openarchives.org/OAI/2.0/OAI-PMH.xsd"><responseDate>2026-06-01T01:23:14Z</responseDate><request verb="GetRecord" identifier="oai:riuma.uma.es:10630/27346" metadataPrefix="marc">https://riuma.uma.es/rest/oai/request</request><GetRecord><record><header><identifier>oai:riuma.uma.es:10630/27346</identifier><datestamp>2026-02-03T12:02:22Z</datestamp><setSpec>com_10630_2254</setSpec><setSpec>col_10630_37959</setSpec></header><metadata><record xmlns="http://www.loc.gov/MARC21/slim" xmlns:dcterms="http://purl.org/dc/terms/" xmlns:doc="http://www.lyncode.com/xoai" xmlns:xsi="http://www.w3.org/2001/XMLSchema-instance" xsi:schemaLocation="http://www.loc.gov/MARC21/slim http://www.loc.gov/standards/marcxml/schema/MARC21slim.xsd">
   <leader>00925njm 22002777a 4500</leader>
   <datafield ind2=" " ind1=" " tag="042">
      <subfield code="a">dc</subfield>
   </datafield>
   <datafield ind2=" " ind1=" " tag="720">
      <subfield code="a">Es Sih, Salima</subfield>
      <subfield code="e">author</subfield>
   </datafield>
   <datafield ind2=" " ind1=" " tag="720">
      <subfield code="a">Cecilia-Buenestado, Juan Antonio</subfield>
      <subfield code="e">author</subfield>
   </datafield>
   <datafield ind2=" " ind1=" " tag="720">
      <subfield code="a">Jiménez-Gómez, Carmen Pilar</subfield>
      <subfield code="e">author</subfield>
   </datafield>
   <datafield ind2=" " ind1=" " tag="720">
      <subfield code="a">García-Sancho, Cristina</subfield>
      <subfield code="e">author</subfield>
   </datafield>
   <datafield ind2=" " ind1=" " tag="720">
      <subfield code="a">Franco-Duro, Francisco Ignacio</subfield>
      <subfield code="e">author</subfield>
   </datafield>
   <datafield ind2=" " ind1=" " tag="720">
      <subfield code="a">Moreno-Tost, Ramón</subfield>
      <subfield code="e">author</subfield>
   </datafield>
   <datafield ind2=" " ind1=" " tag="720">
      <subfield code="a">Maireles-Torres, Pedro Jesús</subfield>
      <subfield code="e">author</subfield>
   </datafield>
   <datafield ind2=" " ind1=" " tag="260">
      <subfield code="c">2023</subfield>
   </datafield>
   <datafield ind2=" " ind1=" " tag="520">
      <subfield code="a">El agotamiento de los combustibles fósiles ha dado lugar a la búsqueda y desarrollo de nuevas fuentes de energía y productos químicos. En este sentido, la biomasa lignocelulósica ha surgido como interesante alternativa debido a su alta disponibilidad y bajo coste. Centrándonos en la fracción hemicelulósica, su hidrólisis da lugar a sus respectivos monómeros, principalmente xilanos, que pueden ser deshidratados con el uso de catalizador ácido, obteniéndose furfural. El furfural se considera un producto valioso, ya que a partir de diferentes reacciones se puede obtener una amplia gama de productos valiosos. En el caso de las reacciones de hidrogenación, el furfural puede hidrogenarse para obtener alcohol furfurílico utilizando un catalizador de Lewis. Este compuesto presenta un gran interés, ya que se utiliza en el campo de los polímeros. Sin embargo, si estos ácidos son fuertes, es posible obtener otros productos interesantes como levulinatos de alquilo, o valerolactonas, que también se consideran productos valiosos. En el presente estudio, se han seleccionado dos esmectitas (montmorillonita y saponita) para incorporar polioxocationes de Al- y Zr y formar arcillas pilares. Estos materiales han mostrado una elevada proporción de sitios ácidos y una alta actividad en la valorización de furfural en una reacción de one-pot.</subfield>
   </datafield>
   <datafield ind1="8" ind2=" " tag="024">
      <subfield code="a">https://hdl.handle.net/10630/27346</subfield>
   </datafield>
   <datafield tag="653" ind2=" " ind1=" ">
      <subfield code="a">Biomasa vegetal</subfield>
   </datafield>
   <datafield ind2="0" ind1="0" tag="245">
      <subfield code="a">Valorización de furfural en reacción one-pot utilizando Al- y Zr-PILCs como catalizadores</subfield>
   </datafield>
</record>
</metadata></record></GetRecord></OAI-PMH>